[Event "Mecklenburg VP LL 0607"]
[Site "Mecklenburg VP"]
[Date "2006.12.10"]
[Round "4.6"]
[White "Schoenrock, Ruediger"]
[Black "Schiewer, Robert"]
[Result "0-1"]
[WhiteElo "1936"]
[BlackElo "1912"]
[PlyCount "64"]
[EventDate "2006.10.15"]
[EventType "team"]
[EventRounds "9"]
[EventCountry "GER"]
[SourceTitle "EXT 2008"]
[Source "ChessBase"]
[SourceDate "2007.11.25"]
[SourceVersion "1"]
[SourceVersionDate "2007.11.25"]
[SourceQuality "1"]
[WhiteTeam "Rostock Uni"]
[BlackTeam "Schwerin"]
[WhiteTeamCountry "GER"]
[BlackTeamCountry "GER"]

1. e4 c5 2. c3 d5 3. exd5 Qxd5 4. d4 Nf6 5. Nf3 e6 6. Be2 Be7 7. 0-0 0-0 8. Be3 cxd4 9. Nxd4 Rd8 10. c4 Qa5 11. Qc2 Bd7 12. Nc3 Nc6 13. a3 Nxd4 14. Bxd4 Bc6 15. Be3 Qe5 16. Bd3 Ng4 17. g3 Qh5 18. h4 Bxh4 19. Bxh7+ Kh8 20. Be4 Bxg3 21. Rfe1 Bxe4 22. Qxe4 Bxf2+ 23. Kg2 Bxe1 24. Rxe1 Nxe3+ 25. Qxe3 Qg6+ 26. Kf2 Rd3 27. Qf4 Rad8 28. Ne4 Qf5 29. Qxf5 exf5 30. Ng5 Kg8 31. Re7 R3d7 32. Re5 f6 0-1